|
|
|
|
| LEADER |
00000nam a2200000 a 4500 |
| 001 |
vtls010323260 |
| 003 |
SK-MaSNL |
| 005 |
20260301032210.0 |
| 008 |
160610s2011 xo a b 000 f slo |
| 015 |
|
|
|a SNBA2012/03-01241
|
| 020 |
|
|
|a 9788089251957 (viaz.)
|
| 035 |
|
|
|a 48AE8E95-8877-4CA2-943C-E9A07DC18EBF
|
| 035 |
|
|
|a urn:nbn:sk:snk-amkwy6
|
| 035 |
|
|
|a urn:nbn:sk:snk-am0082m9
|
| 040 |
|
|
|a SNK
|b slo
|c SNK
|e AACR2
|
| 041 |
1 |
|
|a slo
|h spa
|
| 044 |
|
|
|a xo
|c SK
|
| 072 |
|
7 |
|a 821-93
|x Literatúra pre deti a mládež (beletria)
|2 konspekt
|
| 080 |
|
|
|a 821-93
|2 2001
|
| 080 |
|
|
|a 821(100)-34
|2 2001
|
| 245 |
0 |
0 |
|a Rozprávky pre chlapcov a dievčatá
|c [preložila Ľubica Jakušová ; ilustrácie Pilar Campos]
|
| 250 |
|
|
|a [1. slov. vyd.]
|
| 260 |
|
|
|a Bratislava
|b Viktoria Print
|c [2011]
|
| 300 |
|
|
|a 165 s.
|b fareb. ilustr.
|c 26 cm
|
| 655 |
|
7 |
|a svetové rozprávky
|2 SNKPH
|9 277435
|
| 655 |
|
7 |
|a publikácie pre deti
|2 SNKPH
|9 70148
|
| 655 |
|
7 |
|a Fairy tales
|2 SNKPHeng
|9 265887
|
| 655 |
|
7 |
|a Children's literature
|2 SNKPHeng
|9 276039
|
| 700 |
1 |
|
|a Jakušová, Ľubica,
|d 1958-
|4 trl
|9 201180
|
| 700 |
1 |
|
|a Campos, Pilar
|4 ill
|9 329091
|
| 919 |
|
|
|a 978-80-89251-95-7
|
| 958 |
|
|
|a UP
|
| 958 |
|
|
|a LX
|
| 958 |
|
|
|a DB
|
| 968 |
|
|
|b ESP
|d 821
|
| 999 |
|
|
|c 577995
|d 579925
|
| 952 |
|
|
|a SNK
|b SNK
|y PREZ
|7 0
|p 17A0795637
|o snkSB 82247
|i snk2012/122
|8 0
|0 0
|1 0
|4 0
|d 2012-01-03
|f 1
|l 0
|r 2025-05-06 00:00:00
|w 2026-02-23
|
| 952 |
|
|
|a SNK
|b SNK
|y VYP
|7 0
|p 17A0795638
|o snkSB 82247 D1
|i snk2012/123
|8 0
|0 0
|1 0
|4 0
|d 2012-01-03
|l 0
|r 2016-06-30 00:00:00
|w 2026-02-23
|